|
|
|
|
| LEADER |
00000nam a22000005a 4500 |
| 001 |
vtls010031603 |
| 003 |
SK-MaSNL |
| 005 |
20260426002420.0 |
| 008 |
180730s2009 enka n 101 0 eng |
| 015 |
|
|
|a SNBZSA2010-00849
|
| 020 |
|
|
|a 9780230220188
|q (viaz.)
|
| 020 |
|
|
|a 0230220185
|
| 035 |
|
|
|a 9DB24E82-3D89-476C-9CCD-446CCFAF7C97
|
| 035 |
|
|
|a urn:nbn:sk:snk-aml4ng
|
| 035 |
|
|
|a urn:nbn:sk:snk-am008whm
|
| 040 |
|
|
|a SNK
|b slo
|c SNK
|e AACR2
|
| 041 |
0 |
|
|a eng
|
| 044 |
|
|
|a enk
|c GB
|
| 072 |
|
7 |
|a 330.5+338
|x Národné hospodárstvo a hospodárska politika
|2 konspekt
|
| 080 |
|
|
|a 338.1
|x (4-191.2)
|x (4-11)
|x (063)
|2 2001
|
| 110 |
2 |
|
|a Economic conference on Central, Eastern and South-Eastern Europe
|d (2007:
|c Frankfurt am Main, Nemecko)
|4 aut
|9 598371
|
| 245 |
1 |
0 |
|a Real convergence in Central, Eastern and South-Eastern Europe
|c edited by Reiner Martin and Adalbert Winkler
|
| 260 |
|
|
|a Basingstoke
|b Palgrave MacMillan
|c 2009
|
| 300 |
|
|
|a xvi, 205 s.
|b ilustr.
|c 23 cm
|
| 504 |
|
|
|a Bibliogr. odkazy. Reg.
|
| 610 |
2 |
7 |
|a Európska únia
|2 SNKKA
|9 29861
|
| 650 |
0 |
7 |
|a regionálna ekonomika
|2 snkph
|9 2349
|
| 650 |
0 |
7 |
|a hospodárska politika
|2 snkph
|9 2279
|
| 650 |
0 |
7 |
|a hospodárske pomery
|2 SNKPH
|9 2287
|
| 651 |
|
7 |
|a Európa stredná
|2 SNK
|9 23970
|
| 651 |
|
7 |
|a Európa východná
|2 snkph
|9 167635
|
| 655 |
|
7 |
|a zborníky konferencií
|2 snkph
|9 70153
|
| 700 |
1 |
|
|a Martin, Reiner
|4 edt
|9 598372
|
| 700 |
1 |
|
|a Winkler, Adalbert
|4 edt
|9 598373
|
| 919 |
|
|
|a 978-0-230-22018-8
|
| 919 |
|
|
|a 0-230-22018-5
|
| 958 |
|
|
|a ZS
|
| 958 |
|
|
|a NB
|
| 999 |
|
|
|c 918621
|d 920551
|
| 952 |
|
|
|a SNK
|b SNK
|y PREZ
|7 0
|p 17A0640063
|o snkSC 138320
|i snk2009/22303
|8 3
|g 84.15
|0 0
|1 0
|4 0
|d 2009-12-14
|f 1
|l 0
|r 2017-06-30 00:00:00
|w 2026-02-24
|